Introduction To Signals And Systems / (Record no. 195289)

MARC details
000 -LEADER
fixed length control field 00580nam a22001937a 4500
005 - DATE AND TIME OF LATEST TRANSACTION
control field 20230317120313.0
010 ## - LCCN (DPL NO)
LC control number ENG-136451
020 ## - INTERNATIONAL STANDARD BOOK NUMBER
Terms of availability 150.00
International Standard Book Number 9789391373719
035 ## - SYSTEM CONTROL NUMBER
System control number EN-119983
037 ## - SOURCE OF ACQUISITION
Source of stock number/acquisition DBAD/PUB
082 ## - DEWEY DECIMAL CLASSIFICATION NUMBER
Classification number 621.3822
100 ## - MAIN ENTRY--PERSONAL NAME
Personal name Meenakumari,M
245 ## - TITLE STATEMENT
Title Introduction To Signals And Systems /
Statement of responsibility, etc By M.Meenakumari
250 ## - EDITION STATEMENT
Edition statement First
260 ## - PUBLICATION, DISTRIBUTION, ETC. (IMPRINT)
Name of publisher, distributor, etc Shanlax Publications
Place of publication, distribution, etc Tamil Nadu
Date of publication, distribution, etc 2015
270 ## - ADDRESS
Address 61,66 T.P.K Main Road Vasantha Nagar ,Madurai
City Tamil Nadu
Postal code 625003
300 ## - PHYSICAL DESCRIPTION
Extent 78p.
Dimensions 24cm(pbk)
942 ## - ADDED ENTRY ELEMENTS (KOHA)
Source of classification or shelving scheme Dewey Decimal Classification
Item type English Books
Classification part 621.3822
Call number suffix MEE
Holdings
Withdrawn status Lost status Not for loan Collection code Home library Current library Date acquired Source of acquisition Cost, normal purchase price Full call number Barcode Copy number Koha item type
      Non-fiction Katevara Katevara 16/03/2023 DBAD/PUB 150.00 621.3822 MEE EN-119983 1 English Books

© Delhi Public Library
Hit Counter
free hit counter